| 000 | 00517nam a2200193 4500 | ||
|---|---|---|---|
| 003 | SEACOMMC | ||
| 005 | 20231010055240.0 | ||
| 008 | 231010b |||||||| |||| 00| 0 eng d | ||
| 020 | _cRs. 260.00 | ||
| 040 | _aSEACOMMC | ||
| 082 |
_a621.3815 _bBAB |
||
| 100 | 1 | _aBabu, T.R. Ganesh | |
| 245 | 1 |
_aLinear Integrated circuits _cT.R. Ganesh Babu and B. Suseela |
|
| 260 |
_aChennai _bScitech _c2005 |
||
| 650 | _aEngineering | ||
| 650 | _aElectronics, communications engineering | ||
| 700 | 1 | _aSuseela, B. | |
| 942 | _cBOOK | ||
| 999 |
_c44 _d44 |
||